Đảng bộ huyện Xín Mần, Hà Giang nâng cao năng lực lãnh đạo, đáp ứng yêu cầu thời kỳ mới /

Bewaard in:
Bibliografische gegevens
Hoofdauteur: Dương Minh Hòa.
Formaat: Artikel
Taal:Vietnamese
Onderwerpen:
Tags: Voeg label toe
Geen labels, Wees de eerste die dit record labelt!
Thư viện lưu trữ: Thư viện Trường Đại học Đà Lạt
LEADER 00837nam a2200265 4500
001 DLU090084706
005 ##20091117
040 # # |a DLU  |b vie 
041 # # |a vie 
044 # # |a vn 
100 # # |a Dương Minh Hòa. 
245 # # |a Đảng bộ huyện Xín Mần, Hà Giang nâng cao năng lực lãnh đạo, đáp ứng yêu cầu thời kỳ mới /  |c Dương Minh Hòa. 
653 # # |a Đảng bộ 
653 # # |a Quản lí nhà nước 
653 # # |a Xín Mần, Hà Giang 
773 # # |t Tạp chí lịch sử Đảng  |g Số 9(226), 2009, tr. 131-132 
920 # # |a Phòng Tạp chí -- Trung tâm Thông tin - Thư viện Trường Đại học Đà Lạt 
994 # # |a DLU 
900 # # |a True 
911 # # |a Nguyễn Thị Linh Chi 
925 # # |a G 
926 # # |a A 
927 # # |a BB 
980 # # |a Thư viện Trường Đại học Đà Lạt